Cultura Geral - Statistics

Estatísticas Gerais
  • Esse quiz foi jogado 30 vezes
  • A pontuação média é 6 de 15
Estatísticas das Respostas
Hint Resposta % Correto
Qual é o nome do cachorro de estimação do Mickey Mouse? Pluto
88%
O que as pessoas têm 20 quando crianças e até 32 como adultos? Dentes
85%
O que algumas estações meteorológicas no deserto do Atacama nunca registraram? Chuva
77%
Que palavra se refere a um polígono de três lados? Triângulo
73%
O que os mosquitos fêmeas comem que os mosquitos machos não comem? Sangue
69%
Qual pílula azul foi introduzida pela Pfizer? Viagra
65%
Em que cidade morreu Michael Jackson? Los Angeles
42%
Qual foi a profissão de 4 ou 12 dos Apóstolos de Jesus? Pescador
38%
Que país compartilha a ilha de Bornéu com a Malásia e a Indonésia? Brunei
35%
Que "país" tem uma bandeira que apresenta uma cruz branca de Santo André em um campo azul? Escócia
27%
Em qual ilha da Indonésia você encontraria a cidade de Denpasar? Bali
12%
Que filme apresentou um candelabro falante chamado Lumière? Beauty and the Beast
12%
Qual é o primeiro nome da Duquesa de Cambridge? Catherine
12%
Qual é o nome do urso que vive no "Hundred Acre Wood" da Inglaterra? Winnie the Pooh
12%
Que edifício é o local tradicional dos casamentos reais britânicos? Westminster Abbey
0%
Nenhum quiz correspondente encontrado
Distribuição das Pontuações
Porcentagem de Pessoas com Cada Pontuação
Percentil de Números Respondidos
Sua Pontuação Histórica
Você não jogou esse quiz